| 000 | 01097nam a2200301 a 4500 | ||
|---|---|---|---|
| 001 | BRCA_8681 | ||
| 005 | 20190320210351.0 | ||
| 008 | 081216s1613----fr-#######---#000-0#fre-# | ||
| 041 | _afre | ||
| 044 | _afr | ||
| 050 | 4 |
_aPQ1681 _b.R33 _c1613 |
|
| 100 | 1 |
_aRabelais, M. Francois _921652 |
|
| 245 | 1 | 0 |
_aLes oevvres de M. Francois Rabelais Doctvr en medicine _cM. Francois Rabelais. |
| 260 |
_aTroye _bPar loys _c1613 |
||
| 300 |
_a1 vol. (con varias paginaciones) _c15 cm |
||
| 500 | _aFondo antiguo | ||
| 500 | _aW-152 | ||
| 500 | _aCon ex-libris de: E. Gordon Duft, april 1892 | ||
| 500 | _aIncluye prólogo | ||
| 500 | _aIncluye tabla de materias | ||
| 500 | _aUso de letras capitulares | ||
| 500 | _aNota de encuadernación: piel sobre cartón, edición de cantos dorados | ||
| 505 | 0 | _aContiene: cinq livres de la vie faits & dits heroyques de gargantua & de son fils pantagruel | |
| 506 | 0 | _aFondo reservado: para su consulta es necesario credencial de usuario y carta de motivos | |
| 650 | 1 | 4 |
_aMedicina _eTrabajos anteriores a 1800 _98143 |
| 902 | _aLAR | ||
| 942 |
_2lcc _cB |
||
| 999 |
_c8338 _d8338 |
||